| Tag |
First Indicator |
Second Indicator |
Subfields |
| LEADER |
00000cam a2200000 a 4500 |
| 001 |
in00003456621 |
| 005 |
20151206101237.0 |
| 008 |
020716s2001 nyua 6 000 1 eng d |
| 010 |
|
|
|a 2002510029
|
| 020 |
|
|
|a 1563898527
|
| 020 |
|
|
|a 9781563898525
|
| 035 |
|
|
|a (OCoLC)ocm50606654
|
| 035 |
|
|
|a (OCoLC)50606654
|
| 040 |
|
|
|a KLC
|b eng
|c DLC
|d OCLCQ
|d BAKER
|d BTCTA
|d SINLB
|d OTP
|d TXA
|d UtOrBLW
|
| 042 |
|
|
|a lccopycat
|
| 049 |
|
|
|a TXAM
|
| 050 |
0 |
0 |
|a PN6728.B358
|b P83 2001
|
| 082 |
0 |
0 |
|a 741.5/973
|2 21
|
| 100 |
1 |
|
|a Puckett, Kelley.
|
| 245 |
1 |
0 |
|a Batgirl, a knight alone /
|c Kelley Puckett, writer ; Damion Scott, Coy Turnbull, pencillers.
|
| 264 |
|
1 |
|a New York :
|b DC Comics,
|c [2001]
|
| 264 |
|
4 |
|c ©2001
|
| 300 |
|
|
|a 155 pages :
|b chiefly color illustrations ;
|c 26 cm.
|
| 336 |
|
|
|a text
|b txt
|2 rdacontent
|
| 337 |
|
|
|a unmediated
|b n
|2 rdamedia
|
| 338 |
|
|
|a volume
|b nc
|2 rdacarrier
|
| 500 |
|
|
|a Originally published in single magazine form as Batgirl (2000) #7-11, 13, 14.
|
| 520 |
0 |
|
|a Batgirl Cassandra Cain faces two intimidating challenges: fight Lady Shiva without the power to anticipate her opponent's moves, and outmaneuver a secret government agency that wants to control her.
|
| 630 |
0 |
0 |
|a Batgirl (Comic strip)
|
| 650 |
|
0 |
|a Batgirl (Fictitious character)
|v Comic books, strips, etc.
|
| 650 |
|
0 |
|a Graphic novels.
|
| 650 |
|
0 |
|a Women heroes
|v Comic books, strips, etc.
|
| 650 |
|
0 |
|a Comic books, strips, etc.
|
| 776 |
0 |
8 |
|i Online version:
|t Batgirl, a knight alone.
|d New York : DC Comics, c2001
|w (OCoLC)603929304
|
| 776 |
0 |
8 |
|i Online version:
|t Batgirl, a knight alone.
|d New York : DC Comics, c2001
|w (OCoLC)607651190
|
| 948 |
|
|
|a cataloged
|b h
|c 2014/11/25
|d c
|e cproctor
|f 3:46:16 PM
|
| 994 |
|
|
|a C0
|b TXA
|
| 999 |
|
|
|a MARS
|
| 999 |
f |
f |
|s 9c5cb041-278c-3b6f-a9a7-6cd695ec316d
|i 5541da58-1792-3b10-9f68-f7fee96871be
|t 0
|
| 952 |
f |
f |
|p normal
|a Texas A&M University
|b College Station
|c Sterling C. Evans Library
|d Evans: Library Stacks
|t 0
|e PN6728.B358 P83 2001
|h Library of Congress classification
|i unmediated -- volume
|m A14842770050
|
| 998 |
f |
f |
|a PN6728.B358 P83 2001
|t 0
|l Evans: Library Stacks
|